<?xml version="1.0" encoding="UTF-8"?>
<marc:record xmlns:marc="http://www.loc.gov/MARC21/slim">
   <marc:leader>00000nam a2200000 a 4500</marc:leader>
   <marc:datafield ind1="1" ind2=" " tag="100">
      <marc:subfield code="a">Stahr, Christine</marc:subfield>
      <marc:subfield code="4">aut</marc:subfield>
      <marc:subfield code="e">Verfasser/-in</marc:subfield>
   </marc:datafield>
   <marc:datafield ind1="0" ind2="0" tag="245">
      <marc:subfield code="a">Mein ökologischer fußabdruck</marc:subfield>
   </marc:datafield>
   <marc:datafield ind1="0" ind2="0" tag="245">
      <marc:subfield code="c">Stahr, Christine</marc:subfield>
   </marc:datafield>
   <marc:datafield ind1=" " ind2="1" tag="264">
      <marc:subfield code="c">2021</marc:subfield>
   </marc:datafield>
   <marc:datafield ind1="1" ind2=" " tag="520">
      <marc:subfield code="a">Christine Stahr studierte Geschichtswissenschaft, Germanistik und Politikwissenschaft. Bevor sie anfing, selbst Bücher zu schreiben, arbeitete sie als Lektorin in einem Buchverlag. Inzwischen hat sie schon viele Bücher für Kinder geschrieben. 2019/20 war sie Stipendiatin der Akademie für Kindermedien, Erfurt.&#xD;
Poferl, Miro: Biografische Angabe&#xD;
&#xD;
Miro Poferl, geboren 1980 in München, studierte Illustration und Kommunikationsdesign an der Hochschule für angewandte Wissenschaften in Hamburg. Seit 2009 arbeitet sie als selbstständige Illustratorin und Grafikdesignerin für Unternehmen, Verlage, Stiftungen und Genossenschaften. Sie hat bereits zwei Kinderbücher veröffentlicht und lebt mit Mann und Patchworkkindern in einer Bio-Gärtnerei bei München.</marc:subfield>
   </marc:datafield>
   <marc:datafield ind1=" " ind2=" " tag="020">
      <marc:subfield code="a">9783845843933</marc:subfield>
      <marc:subfield code="9">9783845843933</marc:subfield>
   </marc:datafield>
   <marc:datafield ind1=" " ind2=" " tag="338">
      <marc:subfield code="a">Band</marc:subfield>
   </marc:datafield>
   <marc:datafield ind1=" " ind2=" " tag="300">
      <marc:subfield code="a">80 Seiten, Illustrationen</marc:subfield>
   </marc:datafield>
</marc:record>
